| 000 | 00355 a2200157 4500 | ||
|---|---|---|---|
| 001 | 184849 | ||
| 020 | _a85-7372-211-8 | ||
| 040 | _cMagnum | ||
| 100 | _aVieira, Thereza Freire | ||
| 240 | 1 | 0 |
_aUm anjinho caiu do céu _lpor |
| 245 | 1 | 0 | _aUm anjinho caiu do céu |
| 300 | _a38 | ||
| 362 | 0 | _a1999 | |
| 697 | _aLITERATURA INFANTO-JUVENIL | ||
| 942 | _cBK | ||
| 999 |
_c184849 _d184849 |
||